Score 0/18 Timer 07:00
0 Plays Today
District Tribute % Correct
FourFinnick
95.9%
TwelveKatniss
95.9%
TwelvePeeta
95.9%
FourMags
94.1%
ThreeBeetee
91.4%
SevenJohanna
91.4%
OneGloss
90.5%
TwoBrutus
90.5%
TwoEnobaria
89.1%
District Tribute % Correct
OneCashmere
88.6%
ThreeWiress
88.6%
ElevenChaff
82.7%
SevenBlight
80%
ElevenSeeder
80%
EightCecelia
74.5%
EightWoof
74.1%
SixMorphling 1
47.3%
SixMorphling 2
47.3%
Remove Ads.
Support Sporcle.
Get the best of Sporcle when you Go Orange. This ad-free experience offers more features, more stats, and more fun while also helping to support Sporcle. Thank you for becoming a member.

You're not logged in!

Compare scores with friends on all Sporcle quizzes.
OR
Log In

Show Comments

Extras

Top Quizzes Today


Score Distribution

Your Account Isn't Verified!

In order to create a playlist on Sporcle, you need to verify the email address you used during registration. Go to your Sporcle Settings to finish the process.

Report this User

Report this user for behavior that violates our Community Guidelines.

Details: